Metals with the Highest Melting Points - Statistics

General Stats
  • This quiz has been taken 10 times
  • The average score is 6 of 10
Answer Stats
Hint Answer % Correct
W (3,422°C) Tungsten
90%
Ir (2,446°C) Iridium
80%
Os (3,033°C) Osmium
70%
Ru (2,334°C) Ruthenium
60%
Re (3,180°C) Rhenium
50%
Tc (2,157°C) Technetium
50%
Hf (2,233°C) Hafnium
40%
Mo (2,623°C) Molybdenum
40%
Nb (2,477°C) Niobium
40%
Ta (3,017°C) Tantalum
40%
No matching quizzes found
Score Distribution
Percent of People with Each Score
Percentile by Number Answered
Your Score History
You have not taken this quiz